00653cam a22002171 4500001001300000003000400013005001700017008004100034010001700075035002000092040003600112042001200148050002400160082001100184100003400195245006200229260004500291300001900336600006500355999001500420af 48005029 DLC20260227110911.0890429s1946 gw 000 1 ger c aaf 48005029  a(OCoLC)19623264 aYale Univ. LibrarycCUdCUdDLC apremarc00aPT2642.R23bK6 1946 a833.911 aTralow, Johannes,d1882-1968.10aKönig Neuhoff, ein Weltmann im 18. Jahrhundert;bRoman. aMünchen,bDrei-Fichten-Verlagc[c1946] a500 p.c20 cm.10aNeuhof, Théodore Antoine,cbaron de,d1686?-1756vFiction. c6321d6321